Dva rozdielne finančné produkty – sporenie a poistenie

Prieskum skúmania finančnej gramotnosti prostredníctvom otázok týkajúcich sa bankových produktov, investovania a finančnej matematiky.

Salvato in:
Dettagli Bibliografici
Autore principale: Škriniar, Pavel, 1979-
Altri autori: Kmeťko, Miroslav, 1969-
Natura: Capitolo di libro
Lingua:slovacco
Soggetti:
Tags: Aggiungi Tag
Nessun Tag, puoi essere il primo ad aggiungerne!!

MARC

LEADER 00000nla a2200000 4500
001 0228884
005 20240502073752.9
041 0 |a slo 
044 |a SK 
245 1 0 |a Dva rozdielne finančné produkty – sporenie a poistenie  |c Pavel Škriniar, Miroslav Kmeťko 
520 |a Prieskum skúmania finančnej gramotnosti prostredníctvom otázok týkajúcich sa bankových produktov, investovania a finančnej matematiky. 
610 2 0 |a stratégia investičná 
610 2 0 |a rozhodovanie investičné 
610 2 0 |a financie osobné 
610 2 0 |a poistenie 
610 2 0 |a sporenie obyvateľstva 
610 2 0 |a gramotnosť finančná 
610 2 0 |a prieskum 
100 1 |a Škriniar, Pavel, 1979- 
700 1 |a Kmeťko, Miroslav, 1969-